000 00336nam a2200145Ia 4500
008 220613s9999||||xx |||||||||||||| ||und||
020 _a0003-4932
100 _axxx
245 0 _aAnnals of Surgery
250 _a252(1-3) July-Sep 2010
260 _bLippincott Williams & Wilkins
300 _a576
650 _aSurgery
942 _cFJ
999 _c14369
_d14369